00518nam a2200169Ia 4500008004100000020001500041041000800056082001700064100001800081245003100099250000600130260004400136300001100180650001200191999001900203952012600222210716s2003 xx 000 0 und d a8178811251 aeng a332.632 BHAR aBhaskaran, R. aFinancial risk management. a1 aHyderabadbICFAI University Pressc2003 aix,166 aFinance c202343d202343 001040708MBAaAIMITbAIMITd2008-03-03g350.00l0o332.632 BHARpMBA04909r2026-05-23 00:00:00v175.00w2021-07-16yBK